01420cam a2200361 a 4500999001500000001000900015003000600024005001700030008004100047010001300088020001500101040001800116043002100134082001800155092001400173100003200187245007300219260004000292300002900332490003300361504004900394521000800443600006500451610005300516650006300569650006500632655002000697700003200717830004000749942001500789952012700804952012700931 c9982d998239013733OCoLC20241126110722.0980413s1998 waub b 000 0beng  a98021283 a1576580164 aDLCcDLCdOCL aa-ch---ae-uk-en a266.0092bBEN aBIO TAYLO1 aBenge, Janet,d1958-91736810aHudson Taylor :bdeep in the heart of China /cJanet and Geoff Benge aSeattle, Wash. :bYWAM Pub.,cc1998 a205 p. :b1 map ;c21 cm1 aChristian heroes, then & now aIncludes bibliographical references (p. 205)0 a6.810aTaylor, James Hudson,d1832-1905vJuvenile literature91736920aChina Inland MissionvJuvenile literature917370 0aMissionarieszChinavBiographyvJuvenile literature917371 0aMissionarieszEnglandvBiographyvJuvenile literature917372 0aBiography950661 aBenge, Geoff,d1954-917373 0aChristian heroes, then & now917374 2ddccBK05 00102ddc4070aGBCbGBCcMNMSd2023-11-21l2o266.0092 TAYp020649r2025-05-01 00:00:00s2024-11-04tc.1w2023-11-21yBK 00102ddc4070aGBCbGBCcMNMSd2024-07-18l8o266.0092 BENp016964r2026-02-12 14:13:36s2026-02-05tc.2w2024-07-18yBK